Human Taxonomy - Statistics

General Stats
  • This quiz has been taken 22 times
  • The average score is 5 of 8
Answer Stats
Rank Answer % Correct
Genus Homo
94%
Kingdom Animalia
71%
Class Mammalia
71%
Species Sapiens
71%
Order Primates
65%
Phylum Chordata
59%
Domain Eukarya
53%
Family Hominidae
47%
No matching quizzes found
Score Distribution
Percent of People with Each Score
Percentile by Number Answered
Your Score History
You have not taken this quiz